Statistics for Most Populous Cities: China

Click here to take the quiz!

General Stats

  • This quiz has been taken 41 times
  • The average score is 30 of 50

Answer Stats

Most Populous Cities% Correct
Beijing
100%
Guangzhou
100%
Shanghai
100%
Chongqing
96%
Wuhan
96%
Xi’an
96%
Chengdu
92%
Shenzhen
92%
Harbin
88%
Tianjin
88%
Ürümqi
88%
Hangzhou
83%
Xiamen
83%
Nanjing
79%
Qingdao
79%
Dalian
75%
Fuzhou
75%
Shenyang
71%
Changsha
67%
Hefei
67%
Nanning
67%
Zhengzhou
67%
Kunming
63%
Wenzhou
63%
Dongguan
58%
Foshan
58%
Jinan
58%
Changchun
54%
Ningbo
54%
Suzhou
54%
Luoyang
50%
Nanchang
50%
Shantou
50%
Shijiazhuang
50%
Taiyuan
50%
Guiyang
46%
Lanzhou
46%
Wuxi
46%
Zibo
46%
Changzhou
33%
Huizhou
33%
Nantong
33%
Yantai
33%
Tangshan
29%
Weifang
29%
Baotou
25%
Handan
21%
Shaoxing
17%
Zhongshan
17%
Huai’an
13%

Score Distribution

Percentile by Number Answered

Percent of People with Each Score

Your Score History

You have not taken this quiz